Ashi Tashi Dorji ; (Record no. 7771)

MARC details
000 -LEADER
fixed length control field 00345nam a22001337a 4500
008 - FIXED-LENGTH DATA ELEMENTS--GENERAL INFORMATION
fixed length control field 190327b ||||| |||| 00| 0 eng d
020 ## - INTERNATIONAL STANDARD BOOK NUMBER
International Standard Book Number 9789993697800
082 ## - DEWEY DECIMAL CLASSIFICATION NUMBER
Classification number 954.98 C54a 2017
100 ## - MAIN ENTRY--PERSONAL NAME
Personal name Choeden, Wangchuk Kesang
245 ## - TITLE STATEMENT
Title Ashi Tashi Dorji ;
Remainder of title Her life and Legacy
250 ## - EDITION STATEMENT
Remainder of edition statement 1st ed.
300 ## - PHYSICAL DESCRIPTION
Extent 387 p.
Other physical details ill.28 cm.
942 ## - Added entry Elements (Koha)
Source of classification or shelving scheme Dewey Decimal Classification
Holdings
Withdrawn status Lost status Source of classification or shelving scheme Damaged status Not for loan Collection code Home library Current library Shelving location Date acquired Serial Enumeration / chronology Total Checkouts Full call number Barcode Date last seen Price effective from Koha item type
    Dewey Decimal Classification     Special collections RTC Library RTC Library Special collections 27/03/2019 13591   954.98 WAN 30013232 11/08/2023 27/03/2019 Special Collections
    Dewey Decimal Classification     Special collections RTC Library RTC Library Special collections 13/05/2020 14541   954.98 WAN 30041629 13/05/2020 13/05/2020 Special Collections
Royal Thimphu College || All Right Reserved